Totálna syntéza prírodných 1,3-dihydroizobenzofuránov diplomová práca

Gespeichert in:
Bibliographische Detailangaben
1. Verfasser: Bartošová, Jana
Format: Buch
Sprache:Englisch
Veröffentlicht: Bratislava STU FCHPT 2019
Online-Zugang:Im OPAC anzeigen
Tags: Tag hinzufügen
Keine Tags, Fügen Sie das erste Tag hinzu!

MARC

LEADER 00000nam a2200000 a 4500
005 20260127134311.0
008 190626 2019 xo a 001 0 eng d
035 |a vtls011873900 
039 9 |y 201906260834  |z mschk03 
040 |a STUSCHK1  |b slo  |c STUSCHK1  |e AACR2 
100 1 |a Bartošová, Jana 
245 1 |a Totálna syntéza prírodných 1,3-dihydroizobenzofuránov  |b diplomová práca  |c Jana Bartošová 
260 |a Bratislava  |b STU FCHPT  |c 2019 
300 |a 45 s.  |b Obr., tab.  |c 25 cm 
500 |a Študijný program: technická chémia 
500 |a Študijný odbor: chémia, chemické technológie 
500 |a Školiace pracovisko: Oddelenie organickej chémie 
500 |a Evid. číslo: FCHPT-104542-76408 
910 |a SCHK95 
999 |c 9195  |d 9195